Jistota něco stojí

Rozhovor s Jakubom Strnadom, predsedom predstavenstva Allianz poisťovne v Českej republike. Úspechy a ďalší vývoj poistného sektora i v oblasti informačných technológií.

Enregistré dans:
Détails bibliographiques
Auteur principal: Chuchvalcová, Jana
Autres auteurs: Strnad, Jakub
Format: Chapitre de livre
Langue:tchèque
Sujets:
Tags: Ajouter un tag
Pas de tags, Soyez le premier à ajouter un tag!

MARC

LEADER 00000naa a2200000 4500
001 0152066
005 20231211082101.3
041 0 |a cze 
044 |a CZ 
245 1 0 |a Jistota něco stojí  |c Jana Chuchvalcová, Jakub Strnad 
520 |a Rozhovor s Jakubom Strnadom, predsedom predstavenstva Allianz poisťovne v Českej republike. Úspechy a ďalší vývoj poistného sektora i v oblasti informačných technológií. 
610 2 0 |a Česko 
610 2 0 |a poisťovníctvo 
610 2 0 |a poisťovne 
610 2 0 |a zmluvy poistné 
610 2 0 |a poisťovatelia 
610 2 0 |a poistníci 
610 2 0 |a riziko poistné 
610 2 0 |a služby poradenské 
610 2 0 |a technológie informačné 
610 2 0 |a technológie komunikačné 
100 1 |a Chuchvalcová, Jana 
700 1 |a Strnad, Jakub